[Event "Izmailov Memorial op 11th"]
[Site "Tomsk"]
[Date "2007.??.??"]
[Round "?"]
[White "Belmeskin, Ilia"]
[Black "Kolomeitsev, Valery"]
[Result "1-0"]
[WhiteElo "2131"]
[BlackElo "2312"]
[PlyCount "47"]
[EventDate "2007.06.25"]
[EventType "swiss"]
[EventRounds "9"]
[EventCountry "RUS"]
[SourceTitle "EXT 2008"]
[Source "ChessBase"]
[SourceDate "2007.11.25"]
[SourceVersion "1"]
[SourceVersionDate "2007.11.25"]
[SourceQuality "1"]

1. d4 d5 2. c4 c6 3. Nc3 e5 4. Nf3 e4 5. Ng1 Nf6 6. Bg5 dxc4 7. e3 Bb4 8. Bxf6 Qxf6 9. Bxc4 b5 10. Bb3 Qg6 11. Nge2 Qxg2 12. Rg1 Qxh2 13. Rxg7 Rf8 14. Qc2 Bxc3+ 15. Nxc3 Bf5 16. 0-0-0 Bg6 17. Rxg6 fxg6 18. Qxe4+ Kd8 19. d5 Kc7 20. Qe7+ Nd7 21. dxc6 Rad8 22. Rxd7+ Kc8 23. Rxd8+ Rxd8 24. Qb7# 1-0

[Event "Izmailov Memorial op 11th"]
[Site "Tomsk"]
[Date "2007.??.??"]
[Round "?"]
[White "Kolomeitsev, Valery"]
[Black "Rysbayeva, Korlan"]
[Result "1-0"]
[WhiteElo "2312"]
[BlackElo "2008"]
[PlyCount "101"]
[EventDate "2007.06.25"]
[EventType "swiss"]
[EventRounds "9"]
[EventCountry "RUS"]
[SourceTitle "EXT 2008"]
[Source "ChessBase"]
[SourceDate "2007.11.25"]
[SourceVersion "1"]
[SourceVersionDate "2007.11.25"]
[SourceQuality "1"]

1. e4 e5 2. Nf3 Nc6 3. Bc4 Bc5 4. c3 Nf6 5. d4 Bb6 6. dxe5 Ng4 7. Bxf7+ Kxf7 8. Ng5+ Ke8 9. Qxg4 Nxe5 10. Qg3 Qf6 11. 0-0 h6 12. Nh3 g5 13. Be3 d6 14. Bxb6 axb6 15. f4 gxf4 16. Nxf4 Qg5 17. Qxg5 hxg5 18. Nd5 Kd8 19. Nd2 Be6 20. Nf3 Nxf3+ 21. Rxf3 c6 22. Nb4 Kd7 23. a3 Rae8 24. Re1 c5 25. Nd3 c4 26. Nf2 Rh7 27. Rg3 Rg7 28. Ree3 Ree7 29. Kf1 Kc6 30. Ke2 Kb5 31. e5 d5 32. Rgf3 g4 33. Rf4 Rg5 34. Kd2 Rh5 35. Nxg4 Bxg4 36. Rxg4 Rxh2 37. Rg6 Kc5 38. Re2 Rh5 39. e6 Rf5 40. g4 Rf4 41. g5 Rg4 42. Ke1 d4 43. cxd4+ Kxd4 44. Kf2 c3 45. bxc3+ Kxc3 46. Kf3 Rg1 47. Kf4 Kd3 48. Rb2 Rf1+ 49. Ke5 Rc7 50. Rxb6 Rc3 51. e7 1-0